Précis de pathologie exotique / (Registro nro. 90162)

Detalles MARC
000 -LEADER
campo de control de longitud fija 00570nam a2200205 i 4500
001 - NÚMERO DE CONTROL
campo de control 90162
003 - IDENTIFICADOR DE NÚMERO DE CONTROL
campo de control ES-MaACL
005 - FECHA Y HORA DE LA ÚLTIMA TRANSACCIÓN
campo de control 20230906180352.0
007 - CAMPO FIJO DE DESCRIPCIÓN FÍSICA--INFORMACIÓN GENERAL
campo de control de longitud fija t|
008 - DATOS DE LONGITUD FIJA--INFORMACIÓN GENERAL
campo de control de longitud fija 050119s1905 fr ||||1| fre d
100 1# - ENTRADA PRINCIPAL--NOMBRE DE PERSONA
Nombre de persona Le Dantec, A.
9 (RLIN) 70864
245 10 - MENCIÓN DEL TÍTULO
Título Précis de pathologie exotique /
Mención de responsabilidad, etc. par A. Le Dantec.
250 ## - MENCION DE EDICION
Mención de edición 2eme ed.
260 ## - PUBLICACIÓN, DISTRIBUCIÓN, ETC.
Lugar de publicación, distribución, etc. Paris :
Nombre del editor, distribuidor, etc. Octave Doin,
Fecha de publicación, distribución, etc. 1905 (
Lugar de fabricación/manufactura Evreux :
Fabricante Ch. Herissey)
300 ## - DESCRIPCIÓN FÍSICA
Extensión III, 268 p. ;
Dimensiones 18 cm.
490 1# - MENCIÓN DE SERIE
Mención de serie Collection Testut
830 0# - PUNTO DE ACCESO ADICIONAL DE SERIE-TÍTULO UNIFORME
Título uniforme Collection Testut
9 (RLIN) 181022
852 ## - LOCALIZACIÓN
Ubicación ES-MaACL
Número de control de estantería F-2605
Existencias
Estatus retirado Estado de pérdida Estado de daño No para préstamo Biblioteca de origen Biblioteca actual Ubicación en estantería Fecha de adquisición Fuente de adquisición Total de préstamos Signatura topográfica completa Código de barras Visto por última vez Precio de reemplazo Tipo de ítem Koha
        Biblioteca del Ateneo de Madrid Biblioteca del Ateneo de Madrid Depósito 2 17/01/2008     F-2605 1094155 23/02/2023 23/02/2023 Libro impreso